UBT Library

Reader's digest use the right word; (Record no. 42211)

000 -LEADER
fixed length control field 00758cam a2200217 4500
001 - CONTROL NUMBER
control field 4078133
005 - DATE AND TIME OF LATEST TRANSACTION
control field 20180209034300.0
008 - FIXED-LENGTH DATA ELEMENTS--GENERAL INFORMATION
fixed length control field 811123s1969 at d 000 0 eng
010 ## - LIBRARY OF CONGRESS CONTROL NUMBER
LC control number 72008783
040 ## - CATALOGING SOURCE
Original cataloging agency DLC
Transcribing agency DLC
Modifying agency DLC
041 ## - LANGUAGE CODE
Language code of text/sound track or separate title eng
080 ## - UNIVERSAL DECIMAL CLASSIFICATION NUMBER
Universal Decimal Classification number 423.1
082 00 - DEWEY DECIMAL CLASSIFICATION NUMBER
Classification number 423.1 HAY
Edition number 19
100 ## - Rafti
Rafti 46
101 ## - Shkurtesa
Shkurtesa EDU
245 00 - TITLE STATEMENT
Title Reader's digest use the right word;
Statement of responsibility, etc [by] the editors of the Reader's digest and the Funk & Wagnalls dictionary staff.
740 0# - ADDED ENTRY--UNCONTROLLED RELATED/ANALYTICAL TITLE
Uncontrolled related/analytical title Use the right word.
740 0# - ADDED ENTRY--UNCONTROLLED RELATED/ANALYTICAL TITLE
Uncontrolled related/analytical title Modern guide to synonyms and related words.
906 ## - LOCAL DATA ELEMENT F, LDF (RLIN)
a 7
b cbc
c orignew
d 1
e ocip
f 19
g y-gencatlg
942 ## - ADDED ENTRY ELEMENTS (KOHA)
Source of classification or shelving scheme
Item type Books
Holdings
Withdrawn status Lost status Source of classification or shelving scheme Damaged status Not for loan Collection code Permanent location Current location Shelving location Date acquired Total Checkouts Full call number Barcode Date last seen Price effective from Koha item type
          Koleksioni i përgjithshem UBT - Lipjan UBT - Lipjan Koleksioni i përgjithshem 02/09/2018   423.1 HAY 002-2998703 02/09/2018 02/09/2018 Books
UBT Library © 2015-2024. All rights reserved University Education for Business and Technology